| 000 | 00422nam a22001577a 4500 | ||
|---|---|---|---|
| 999 |
_c2967 _d2967 |
||
| 008 | 200318b ||||| |||| 00| 0 eng d | ||
| 082 | 0 | 0 |
_a621.3 _bM8641 |
| 100 |
_9116 _aMorley, Arthur. |
||
| 245 | 1 | 0 |
_aElectrical engineering science _cby Arthur. Morley |
| 250 | _a2nd ed. | ||
| 260 |
_aLondon _bLangmans Green and Co. _c1955 |
||
| 300 | _aix,268 p. | ||
| 365 | _d11.11 | ||
| 650 | 0 | _aElectrical Engineering | |
| 942 | _cBK | ||